[Event "BUL-chT"]
[Site "Bankia"]
[Date "1992.??.??"]
[Round "2"]
[White "Todorov, Ilian"]
[Black "Grigorov, Jordan N"]
[Result "1/2-1/2"]
[WhiteElo "2345"]
[BlackElo "2390"]

1.d4 f5 2.Nf3 g6 3.g3 Bg7 4.Bg2 Nf6 5.O-O O-O 6.c4 d6 7.Nc3 Qe8 8.d5 Na6
9.Nd4 Bd7 10.e4 fxe4 11.Nxe4 Nxe4 12.Bxe4 c5 13.Ne6 Bxe6 14.dxe6 Nc7 15.h4 Kh8
16.Qd3 Nxe6 17.h5 gxh5 18.Bxh7 Qf7 19.Bg6 Qf6 20.Bxh5 Nd4 21.Kg2 Qf5 22.Qxf5 Nxf5
23.Bf3 e6 24.Rb1 Rab8 25.Rh1+ Kg8 26.Bf4 b5 27.Be4 Rfd8 28.Bg5 Rdc8 29.g4 Nd4
30.Be7 bxc4 31.Bxd6 Rb6 32.Be7 Nc6 33.Bxc6 Rcxc6 34.Rhc1 Kf7 35.Bd8 Rxb2
36.Rxb2 Bxb2 37.Rxc4 Bd4 38.f4 Ke8 39.Bh4 Rb6 40.Kf3 Ra6 41.a4 Rb6  1/2-1/2

[Event "Biel op"]
[Site "Biel"]
[Date "1992.??.??"]
[Round "5"]
[White "Eberlein, Wolfgang"]
[Black "Lutz, Klaus Juergen"]
[Result "0-1"]
[WhiteElo "2285"]
[BlackElo "2275"]

1.c4 f5 2.d4 Nf6 3.Nf3 g6 4.g3 Bg7 5.Bg2 O-O 6.O-O d6 7.Nc3 c6 8.b3 a5 9.Bb2 Na6
10.Rc1 Qc7 11.Na4 Bd7 12.c5 Nb4 13.Nb6 Rab8 14.Nd2 Be6 15.Ndc4 Nbd5 16.Qd2 f4
17.Qxa5 Nxb6 18.Qxb6 Qd7 19.cxd6 exd6 20.Qb4 Rbd8 21.Ba3 fxg3 22.hxg3 Ne8
23.Nb6 Qf7 24.e4 Bg4 25.f3 c5 26.dxc5 dxc5 27.Qe1 Bd4+ 28.Kh2 Qg7 29.fxg4 Qh6+
30.Bh3 Nf6 31.Kg2 Rfe8 32.Rc2 Nxe4 33.Re2 Bc3 34.Qc1 Ng5 35.Rxe8+ Rxe8 36.Rh1 Re2+
37.Kf1 Re1+ 38.Qxe1 Bxe1 39.Bg2 Qg7 40.Bd5+ Kh8 41.Bc1 Ne4 42.Bxe4 Qd4 43.Rh2 Qxe4
44.Bb2+ Kg8 45.Nd7 Qb1 46.Nf6+ Kf7 47.Rxh7+ Ke6 48.Ke2 Qxb2+ 49.Kxe1 Kxf6
50.Rxb7 c4 51.g5+ Ke6 52.Rb6+ Kd7  0-1

[Event "Bled op"]
[Site "Bled"]
[Date "1992.??.??"]
[Round "5"]
[White "Palac, Mladen"]
[Black "Mencinger, Vojko"]
[Result "1-0"]
[WhiteElo "2500"]
[BlackElo "2365"]

1.d4 f5 2.g3 g6 3.Bg2 Bg7 4.Nf3 Nf6 5.O-O O-O 6.c4 d6 7.Nc3 Nc6 8.d5 Na5
9.Qa4 c5 10.dxc6 bxc6 11.c5 d5 12.Ne5 Ne4 13.Nxc6 Bd7 14.Nxe7+ Kh8 15.c6 Be8
16.Rd1 Qxe7 17.Qxa5 Bxc6 18.Be3 Rfd8 19.Bd4 Rd7 20.Rac1 Bb7 21.Bxg7+ Qxg7
22.Nxe4 fxe4 23.Bxe4 dxe4 24.Rxd7 Qxd7 25.Qe5+ Kg8 26.Rc7 Qxc7 27.Qxc7 Bd5
28.a3 a5 29.b4 axb4 30.axb4 e3 31.f3 Bf7 32.b5 Ra1+ 33.Kg2 Rb1 34.b6  1-0

[Event "Spring op"]
[Site "Budapest"]
[Date "1992.??.??"]
[Round "?"]
[White "Fominyh, Alexander"]
[Black "Szabolcsi, Janos"]
[Result "1-0"]
[WhiteElo "2500"]
[BlackElo "2375"]

1.d4 f5 2.g3 Nf6 3.Bg2 g6 4.Nf3 Bg7 5.O-O O-O 6.c4 d6 7.Nc3 Qe8 8.d5 a5 9.Be3 Na6
10.Qd2 Ng4 11.Bf4 Nc5 12.h3 Nf6 13.Bh6 e5 14.dxe6 Nfe4 15.Nxe4 Nxe4 16.Qe3 Bxh6
17.Qxh6 Bxe6 18.Rac1 Qf7 19.Nd2 Nxd2 20.Qxd2 c6 21.b3 Rfd8 22.Rc3 a4 23.Rd3 axb3
24.axb3 d5 25.Rd1 Ra3 26.Qb4 Ra2 27.e3 Rb2 28.Qc3 Qg7 29.Qa5 Re8 30.cxd5 Bxd5
31.Bxd5+ cxd5 32.Qxd5+ Qf7 33.Qb5 Re7 34.Qb6 Kg7 35.h4 Qf6 36.Qd8 Rf7 37.Qa5 Re7
38.Rd6 Qe5 39.Qxe5+ Rxe5 40.Rd7+ Kh6 41.Rxb7 Kh5 42.Rxh7+ Kg4 43.Kg2 Rxe3
44.Rd4+ Re4 45.Rd6 f4 46.Rxg6+ Kf5 47.Rg5+ Kf6 48.Rh6+ Kf7 49.Rg4 Rxb3 50.Rxf4+ Rxf4
51.gxf4 Kg7 52.Ra6 Rb1 53.Rc6 Ra1 54.Rb6 Rc1 55.h5 Rc5 56.Rg6+ Kh7 57.Rg5 Rc3
58.Rg6 Rc5 59.Rg5 Rc3 60.f5 Kh6 61.f4 Ra3 62.f6  1-0

[Event "Eurodata"]
[Site "Budapest"]
[Date "1992.??.??"]
[Round "2"]
[White "Horvath, Csaba"]
[Black "Kindermann, Stefan"]
[Result "1-0"]
[WhiteElo "2515"]
[BlackElo "2505"]

1.d4 f5 2.g3 Nf6 3.Bg2 g6 4.Nf3 Bg7 5.O-O O-O 6.c4 d6 7.Nc3 Qe8 8.Nd5 Nxd5
9.cxd5 Qb5 10.Ng5 Na6 11.h4 c6 12.dxc6 bxc6 13.d5 c5 14.h5 c4 15.hxg6 hxg6
16.Rb1 Nc7 17.Nh3 Rb8 18.Be3 Bb7 19.Nf4 Kf7 20.Bxa7 Ra8 21.Bd4 Be5 22.b3 c3
23.Bxe5 dxe5 24.Nd3 e4 25.Ne5+ Kg7 26.Qd4 Qxd5 27.Qxc3 Nb5 28.Qb2 Qd4 29.Rfd1 Qxb2
30.Rxb2 Nc3 31.Rd7 Ba6 32.Bf1 Bb5 33.Rxe7+ Kf6 34.Rc7 Nxa2 35.Rc5 Rfb8 36.e3 Bxf1
37.Nd7+ Ke6 38.Nxb8 Bd3 39.Nc6  1-0

[Event "Budapest Nuovo"]
[Site "Budapest"]
[Date "1992.??.??"]
[Round "3"]
[White "Kelecevic, Nedeljko"]
[Black "Szabolcsi, Janos"]
[Result "1-0"]
[WhiteElo "2405"]
[BlackElo "2375"]

1.d4 f5 2.Nf3 Nf6 3.g3 g6 4.Bg2 Bg7 5.O-O O-O 6.c4 d6 7.Nc3 Qe8 8.d5 a5 9.Rb1 Na6
10.Nd4 Nc5 11.Ncb5 Qd8 12.Nb3 Nfe4 13.Nxc5 Nxc5 14.Be3 e5 15.dxe6 Nxe6 16.Nd4 c6
17.Nxe6 Bxe6 18.Bd4 Qe7 19.Bxg7 Qxg7 20.b3 Rfd8 21.Qd2 d5 22.Rfd1 Qe7 23.Qe3 dxc4
24.Rxd8+ Rxd8 25.bxc4 Qf7 26.Qb6 Rd7 27.Qxa5 Bxc4 28.Rb2 Bb5 29.Bf3 Qc4 30.Kg2 Qd4
31.Rb4 Qd2 32.Qa3 g5 33.Qb3+ Kg7 34.Qe6 Rd6 35.Qe5+ Kg6 36.Qe8+ Kg7 37.Qe7+ Kg6
38.Re4 Rf6 39.Re6 Rxe6 40.Qxe6+ Kg7 41.Qxf5 Qxa2 42.Qe5+ Kg6 43.Qe7 Qg8 44.h4 Kh6
45.Qf6+  1-0

[Event "Elekes mem"]
[Site "Budapest"]
[Date "1992.??.??"]
[Round "4"]
[White "Hardicsay, Peter"]
[Black "Tseitlin, Mikhail S"]
[Result "1/2-1/2"]
[WhiteElo "2355"]
[BlackElo "2480"]

1.d4 f5 2.g3 Nf6 3.Bg2 g6 4.Nf3 Bg7 5.O-O O-O 6.c4 d6 7.Nc3 Nc6 8.d5 Ne5
9.Nxe5 dxe5 10.Qb3 Kh8 11.c5 a6 12.Rd1 Rb8 13.a4 h6 14.Bd2 g5 15.Be1 Qe8
16.d6 exd6 17.cxd6 Be6 18.Qb4 cxd6 19.Qxd6 Bb3 20.Rdc1 e4 21.Qb6 Qe6 22.Qxe6 Bxe6
23.a5 Rfd8 24.Na4 Nd5 25.Rc2 Ne7 26.Nc5 Bd5 27.Rac1 Nc6 28.e3 Ne5 29.Bc3 g4
30.b4 Rd6 31.Bd4 Rbd8 32.Bxe5 Bxe5 33.Bf1 Bc6 34.Be2 Rd2 35.Kf1 Bb2 36.Rxd2 Rxd2
37.Rb1 Bd5 38.b5 axb5 39.Bxb5 Ba2 40.Re1 Rd5 41.Re2  1/2-1/2

[Event "Elekes mem"]
[Site "Budapest"]
[Date "1992.??.??"]
[Round "11"]
[White "Schlosser, Philipp"]
[Black "Tseitlin, Mikhail S"]
[Result "1-0"]
[WhiteElo "2485"]
[BlackElo "2480"]

1.Nf3 f5 2.g3 Nf6 3.Bg2 g6 4.d4 Bg7 5.O-O O-O 6.c4 d6 7.Nc3 Nc6 8.d5 Na5
9.Qa4 c5 10.dxc6 bxc6 11.Nd4 c5 12.Bxa8 cxd4 13.Nb5 Bd7 14.Bg2 a6 15.Bd2 axb5
16.cxb5 Qb8 17.Bxa5 Qxb5 18.Qxb5 Bxb5 19.Rfe1 Ne4 20.a4 Bc4 21.Bb6 d5 22.a5 Ra8
23.Rad1 e5 24.f3 Nd6 25.f4 e4 26.Bxd4 Bxd4+ 27.Rxd4 Rxa5 28.Bf1 Rb5 29.e3 Bxf1
30.Kxf1 Nc4 31.b4 Kf7 32.Kf2 Nb2 33.Rb1 Nd3+ 34.Ke2 Ke6 35.Rxd3 exd3+ 36.Kxd3 Kd6
37.Kc3 Rb8 38.Ra1 Re8 39.Kd3 Re4 40.Ra6+ Kd7 41.Ra7+ Ke6 42.Rb7 Rc4 43.h3 Re4
44.b5 Rb4 45.b6 Kd6 46.g4 Kc5 47.Rxh7 Rb3+ 48.Ke2 d4 49.exd4+ Kxd4 50.gxf5 gxf5
51.b7 Ke4 52.Kd2 Kxf4 53.Kc2 Rb6 54.Rg7 Ke4 55.Kc3 f4 56.Kc4 f3 57.Kc5 Rb1
58.Rg4+ Ke3 59.Rb4 Rxb4 60.Kxb4 f2 61.b8=Q f1=Q 62.Qe5+  1-0

[Event "Budapest Nuovo"]
[Site "Budapest"]
[Date "1992.??.??"]
[Round "12"]
[White "Lukacs, Peter"]
[Black "Szabolcsi, Janos"]
[Result "1-0"]
[WhiteElo "2490"]
[BlackElo "2375"]

1.d4 f5 2.g3 Nf6 3.Bg2 g6 4.Nf3 Bg7 5.O-O O-O 6.c4 d6 7.Nc3 Qe8 8.d5 a5 9.Nd4 Na6
10.e4 fxe4 11.Nxe4 Nxe4 12.Bxe4 Nc5 13.Bg2 Qf7 14.Bg5 e5 15.dxe6 Nxe6 16.Be3 c6
17.Rc1 a4 18.Qd2 Nxd4 19.Bxd4 Bxd4 20.Qxd4 Be6 21.Rfe1 Qf6 22.Qd2 Rad8 23.Rc3 Rfe8
24.Rf3 Qg7 25.Rfe3 Qf7 26.Qb4 Ra8 27.h4 d5 28.Qd6 Qd7 29.Qxd7 Bxd7 30.cxd5 Rxe3
31.Rxe3 Kf7 32.Rc3 Ra6 33.dxc6 Bxc6 34.Bxc6 bxc6 35.Re3 Ra5 36.Kf1 Rc5 37.Rc3 Rb5
38.Rc2 Ke7 39.Ke2 Kd6 40.Rd2+ Kc5 41.Kd1 Kc4 42.Kc2 Rf5 43.f4 Rf7 44.Rd6 Kc5
45.Re6 a3 46.bxa3 Ra7 47.Kb3 Rb7+ 48.Kc3 Ra7 49.Re5+ Kd6 50.Kb4 Rb7+ 51.Kc4 Rb2
52.a4 Rxa2 53.a5 Ra3 54.Rg5 Ra4+ 55.Kb3 Ra1 56.h5 gxh5 57.Rxh5 Rg1 58.Rg5 h6
59.Rg6+ Kd5 60.g4 c5 61.a6 c4+ 62.Kb4 Rb1+ 63.Kc3 Rb3+ 64.Kc2 Rh3 65.a7 Ra3
66.Rg7 Ra2+ 67.Kc3 Ra4 68.f5 Ke5 69.Rd7 Kf6 70.Kd4 h5 71.gxh5 Kg5 72.f6  1-0

[Event "Wch U20"]
[Site "Buenos Aires"]
[Date "1992.??.??"]
[Round "?"]
[White "Annakov, Babakuli"]
[Black "Reinderman, Dimitri"]
[Result "0-1"]
[WhiteElo "2315"]
[BlackElo "2435"]

1.d4 f5 2.c4 Nf6 3.Nf3 g6 4.g3 Bg7 5.Bg2 O-O 6.O-O d6 7.Nc3 Qe8 8.d5 Na6
9.Rb1 Bd7 10.b4 c5 11.dxc6 Bxc6 12.Qb3 Kh8 13.Bb2 e5 14.e3 Rd8 15.a4 b6 16.Ba3 Ba8
17.Rbd1 h6 18.Nb5 e4 19.Nfd4 Qe7 20.h3 h5 21.Ne2 Kh7 22.Rd2 Nc7 23.Nxc7 Qxc7
24.Nf4 Rfe8 25.Rfd1 g5 26.Ne2 h4 27.gxh4 gxh4 28.b5 d5 29.cxd5 Nxd5 30.Bb2 Bxb2
31.Qxb2 Rg8 32.Kh1 Bb7 33.Rc1 Qe7 34.Rg1 Rg7 35.Nd4 Qf7 36.Qc2 Rdg8 37.f4 Nxe3
38.Qc1 Nxg2 39.Rgxg2 e3 40.Nc6 Qd5 41.Qc2 Rxg2 42.Rxg2 Rxg2 43.Qxg2 Qd1+  0-1

[Event "Wch U20"]
[Site "Buenos Aires"]
[Date "1992.??.??"]
[Round "?"]
[White "Fish, Gannadij"]
[Black "Annakov, Babakuli"]
[Result "0-1"]
[WhiteElo "2440"]
[BlackElo "2315"]

1.d4 f5 2.Nf3 Nf6 3.c4 g6 4.g3 Bg7 5.Bg2 O-O 6.O-O d6 7.Nc3 Nc6 8.d5 Na5
9.Qd3 c5 10.Nd2 e5 11.dxe6 Bxe6 12.b3 Nc6 13.Bb2 Nb4 14.Qf3 Rf7 15.Rfd1 Ng4
16.Nf1 Nc2 17.Rac1 Nd4 18.Qd3 f4 19.f3 Ne5 20.Qe4 Bh6 21.g4 Bg7 22.h3 a6
23.Re1 Qg5 24.Nd5 Re8 25.e3 Bxd5 26.Qxd5 Nexf3+ 27.Bxf3 Nxf3+ 28.Qxf3 Bxb2
29.exf4 Ref8 30.fxg5 Rxf3 31.Rc2 Bc3 32.Rd1 Bd4+ 33.Kg2 Rf2+ 34.Rxf2 Rxf2+
35.Kg3 Rxa2 36.Rd3 Rb2 37.Nd2 Kf7 38.Nf3 Bf2+ 39.Kf4 Ke6 40.h4 b5 41.Nd2 Bd4
42.Ke4 Rc2 43.h5 bxc4 44.bxc4 a5 45.Nb3 Rxc4 46.Nxa5 Ra4 47.Nb7 Be5+ 48.Kf3 Rf4+
49.Ke3 Rxg4  0-1

[Event "Buenos Aires Najdorf qual"]
[Site "Buenos Aires"]
[Date "1992.??.??"]
[Round "5"]
[White "Valerga, Diego"]
[Black "Minzer, Claudio Javier"]
[Result "1/2-1/2"]
[WhiteElo "2325"]
[BlackElo "2290"]

1.c4 f5 2.Nf3 Nf6 3.g3 g6 4.Bg2 Bg7 5.O-O O-O 6.d4 d6 7.Nc3 Qe8 8.d5 c5 9.Re1 Na6
10.e4 Nxe4 11.Nxe4 fxe4 12.Ng5 Nc7 13.Nxe4 Qf7 14.Qe2 h6 15.h4 b5 16.Bf4 bxc4
17.Nc3 Re8 18.Rad1 Rb8 19.Rd2 Kh7 20.Be4 Bf5 21.h5 g5 22.g4 Bxe4 23.Qxe4+ Kg8
24.Bg3 Bxc3 25.bxc3 e5 26.Qxc4 Rf8 27.Qd3 Qh7 28.Re4 Ne8 29.Qe2 Nf6 30.Ra4 Qd7
31.Ra6 Rb1+  1/2-1/2

[Event "Buenos Aires Najdorf qual"]
[Site "Buenos Aires"]
[Date "1992.??.??"]
[Round "6"]
[White "Servat, Roberto"]
[Black "Tovillas, Daniel R"]
[Result "1/2-1/2"]
[WhiteElo "2395"]
[BlackElo "2335"]

1.d4 f5 2.g3 Nf6 3.Bg2 g6 4.Nf3 Bg7 5.O-O O-O 6.c4 d6 7.Nc3 c6 8.b3 a5 9.Bb2 Na6
10.Qd3 Nb4 11.Qb1 Qc7 12.a3 Na6 13.e4 e5 14.exf5 Bxf5 15.Qd1 Rae8 16.h3 e4
17.Ne1 e3 18.g4 Bc8 19.Nf3 Bxg4 20.hxg4 Nxg4 21.fxe3 Nxe3 22.Qd3 Nxf1 23.Rxf1 Qd7
24.Ne4 Nc7 25.Bc1 h6 26.Ng3 Rf6 27.Ne4 Rf7 28.Ng3 Rf6 29.Ne4 Rf7 30.Ng3  1/2-1/2

[Event "Buenos Aires Najdorf qual"]
[Site "Buenos Aires"]
[Date "1992.??.??"]
[Round "7"]
[White "Amura, Claudia Noemi"]
[Black "Servat, Roberto"]
[Result "1/2-1/2"]
[WhiteElo "2355"]
[BlackElo "2395"]

1.d4 f5 2.g3 Nf6 3.Bg2 g6 4.Nf3 Bg7 5.O-O O-O 6.c4 d6 7.Nc3 Qe8 8.b3 e5 9.dxe5 dxe5
10.Ba3 Rf7 11.e4 Nc6 12.Re1 f4 13.Qc1 h6 14.gxf4 Nh5 15.f5 Nf4 16.Qe3 gxf5
17.Bf1 Nh3+ 18.Bxh3 f4 19.Qd3 Bxh3 20.Kh1 Rd7 21.Nd5 Qh5 22.Rg1 Kh8 23.Rac1 Rg8
24.Bb2 Bg4 25.Ne1 Be2 26.Nxf4 exf4 27.Qxd7 Bf3+ 28.Nxf3 Qxf3+ 29.Rg2 Bxb2
30.Rg1 Bg7 31.Qg4 Qxe4 32.f3 Qe5 33.Qh4 Nd4 34.Rg6 Kh7 35.Qg4 Nf5 36.Qh3 Ne7
37.Re6 Qf5 38.Qxf5+ Nxf5 39.Re4 Nd6 40.Rxf4 Re8 41.c5 Be5 42.Ra4 Nc8 43.Re4 Re7
44.Rd1 Bf6 45.Rxe7+ Nxe7 46.Rd7 Kg6 47.Rxc7 b6 48.Rxa7 bxc5 49.Rc7 Kf5 50.Rxc5+ Ke6
51.Kg2 Nd5 52.a4 Kd6 53.Rc8 Bc3 54.Kg3 Bd2 55.Kg4 Kd7 56.Rh8 Ne3+ 57.Kh5 Nf5
58.Ra8 Nd4 59.Kg4 Nxb3 60.f4 Nc5 61.Ra7+ Kc6 62.Rh7 Nxa4 63.Rxh6+ Kd7 64.Rh7+ Ke6
65.f5+ Kf6 66.Rd7 Be3 67.Rd6+ Kf7 68.Re6 Bd2 69.Re2 Bh6 70.Rc2 Be3 71.Kf3 Bg5
72.Ke4 Nb6 73.Rc7+ Ke8 74.Ke5 Nd7+ 75.Kd5 Bf4 76.Rc2  1/2-1/2

[Event "Buenos Aires Najdorf qual"]
[Site "Buenos Aires"]
[Date "1992.??.??"]
[Round "8"]
[White "Markeluk, Sergio"]
[Black "Tovillas, Daniel R"]
[Result "1-0"]
[WhiteElo "2375"]
[BlackElo "2335"]

1.d4 f5 2.g3 Nf6 3.Bg2 g6 4.Nf3 Bg7 5.O-O O-O 6.c4 d6 7.Nc3 c6 8.d5 Bd7 9.Rb1 Na6
10.b4 Ng4 11.Qb3 Kh8 12.Rd1 Qe8 13.e3 cxd5 14.cxd5 Ne5 15.Nd4 Rc8 16.Bb2 Nc7
17.Rbc1 g5 18.b5 f4 19.exf4 gxf4 20.Ne6 Bxe6 21.dxe6 f3 22.Bf1 Bh6 23.Rc2 Bg7
24.Rcc1 Bh6 25.Rc2 Bg7 26.Nd5 Nxe6 27.Rxc8 Qxc8 28.Nxe7 Qd7 29.Nd5 Ng5 30.Rd2 Nh3+
31.Kh1 Qg4 32.Ne3 Qh5 33.Qe6 Ng5 34.Qd5 Qg6 35.Qxd6 Qxd6 36.Rxd6 Ne4 37.Re6 Nxf2+
38.Kg1 Nfd3 39.Bd4 h6 40.Re7 Rd8 41.Nf5 Bf6 42.Re6 f2+ 43.Kg2 Rxd4 44.Nxd4 Kg7
45.Rd6 Nc5 46.Ne6+ Nxe6 47.Rxe6 Kf7 48.Rd6 Bg5 49.Kxf2 Ke7 50.Rd4 Nd7 51.Ra4 Kd6
52.Rxa7 Kc7 53.Ra4 Kb6 54.h4 Bf6 55.Rf4 Bb2 56.g4 Nc5 57.Kf3 Ne6 58.Re4 Nd4+
59.Kf4 Kc5 60.Re7 b6 61.g5  1-0

[Event "Buenos Aires Najdorf qual"]
[Site "Buenos Aires"]
[Date "1992.??.??"]
[Round "10"]
[White "Burijovich, Liliana"]
[Black "Tovillas, Daniel R"]
[Result "0-1"]
[WhiteElo "2190"]
[BlackElo "2335"]

1.d4 f5 2.g3 Nf6 3.Bg2 g6 4.Nf3 Bg7 5.O-O O-O 6.c4 c6 7.Nc3 d6 8.d5 Bd7 9.Rb1 a5
10.Nd4 Qc7 11.a3 Na6 12.e4 fxe4 13.Nxe4 Nxe4 14.Bxe4 Nc5 15.Bg2 a4 16.b4 axb3
17.Nxb3 Na4 18.Qe1 Bf5 19.Be4 Nc3 20.Bxf5 Rxf5 21.Ra1 cxd5 22.cxd5 Qc4 23.Qe6+ Kh8
24.Nd2 Qxd5 25.Qxd5 Rxd5 26.Kg2 Ne2 27.Ra2 Nxc1 28.Rxc1 Bh6 29.Rcc2 Bxd2
30.Rxd2 Rxd2 31.Rxd2 Kg7 32.Rb2 Ra7 33.Rb3 Kf6 34.f4 h6 35.Kf3 d5 36.Ke3 e6
37.Kd4 Ra4+ 38.Ke3 g5 39.fxg5+ hxg5 40.Rxb7 Rxa3+ 41.Kd4 Ra4+ 42.Ke3 e5 43.Rb5 Ra3+
44.Kf2 Ke6 45.h3 e4 46.Rb6+ Ke5 47.Rg6 Ra2+ 48.Ke1 e3 49.Rxg5+ Ke4 50.h4 d4
51.Rg4+ Kd3 52.Kf1 Ra1+  0-1

[Event "Cannes Martinez op"]
[Site "Cannes"]
[Date "1992.??.??"]
[Round "?"]
[White "Schwartzman, Gabriel"]
[Black "Legky, Nikolay A"]
[Result "1/2-1/2"]
[WhiteElo "2340"]
[BlackElo "2480"]

1.c4 f5 2.Nf3 Nf6 3.g3 g6 4.Bg2 Bg7 5.O-O O-O 6.d4 d6 7.Nc3 c6 8.d5 e5 9.dxe6 Bxe6
10.Qd3 Na6 11.Ng5 Qe7 12.Bf4 Rad8 13.Nxe6 Qxe6 14.Rad1  1/2-1/2

[Event "Cannes Martinez op"]
[Site "Cannes"]
[Date "1992.??.??"]
[Round "?"]
[White "Cebalo, Miso"]
[Black "Szabolcsi, Janos"]
[Result "1/2-1/2"]
[WhiteElo "2500"]
[BlackElo "2415"]

1.d4 f5 2.Nf3 Nf6 3.g3 g6 4.Bg2 Bg7 5.O-O O-O 6.c4 d6 7.Nc3 Qe8 8.b3 c6 9.Ba3 h6
10.Rc1 Na6 11.b4 Nc7 12.d5 cxd5 13.cxd5 Qf7 14.Nd4 Ncxd5 15.Nxd5 Nxd5 16.Nxf5 gxf5
17.Bxd5 e6 18.Bf3 d5 19.b5 Rd8 20.e3 b6 21.Bb4 Bb7 22.Qb3 Rac8 23.a4 Rc4
24.Be2 Rc7 25.Ba3 Rdc8 26.Rxc7 Rxc7 27.Rc1 Rxc1+ 28.Bxc1 Qf6 29.Qc2 Qc3 30.Qxc3 Bxc3
31.Ba3 d4 32.Bc4 Kf7 33.Bd6 dxe3 34.fxe3 Be4 35.Bb8 Bc2 36.Bxa7 Ba5 37.Bb8 Bxa4
38.Bf4 h5 39.Bc7 Ke7 40.Kg2 Kd7 41.Be5 Bd1 42.Kf2 Bb4 43.Be2 Bxe2 44.Kxe2 Bd6
45.Bd4 Bc7 46.e4 fxe4 47.Ke3 e5 48.Bb2 Kd6 49.Kxe4 Kc5 50.h3 Kxb5 51.g4 hxg4
52.hxg4 Bd8  1/2-1/2

[Event "Cappelle op"]
[Site "Cappelle la Grande"]
[Date "1992.??.??"]
[Round "2"]
[White "Lipka, Juraj"]
[Black "Yrjola, Jouni"]
[Result "1/2-1/2"]
[WhiteElo "2305"]
[BlackElo "2485"]

1.d4 f5 2.g3 Nf6 3.Bg2 g6 4.Nf3 Bg7 5.O-O O-O 6.c4 d6 7.Nc3 Nc6 8.d5 Na5
9.Qa4 c5 10.dxc6 bxc6 11.Nd4 c5 12.Nb3 Nb7 13.Qa6 Qb6 14.Qxb6 axb6 15.Bg5 Ra6
16.Rad1 h6 17.Bc1 Nd8 18.Rfe1 Be6 19.Nd2 Ng4 20.h3 Ne5 21.Bd5 Nec6 22.Nf3 Nb4
23.Bd2 Bxd5 24.cxd5 Nxa2 25.Ra1 Nb4 26.Rxa6 Nxa6 27.Ra1 Nb4 28.Ra7 Re8 29.Nh4 Bxc3
30.bxc3 Nxd5 31.c4 Nf6 32.Nxg6 Nc6 33.Rb7 Ne4 34.Be3 Kf7 35.Nh4 Ke6 36.Rxb6 Ne5
37.Bxh6 Nxc4 38.Rb3 Ra8 39.Rf3 Rh8 40.Nxf5 Ne5 41.Rf4 Nc3  1/2-1/2

[Event "JUG-chT"]
[Site "Cetinje"]
[Date "1992.??.??"]
[Round "?"]
[White "Stamenkovic, Zoran"]
[Black "Kontic, Djordje"]
[Result "0-1"]
[WhiteElo "2345"]
[BlackElo "2375"]

1.d4 f5 2.Nf3 Nf6 3.g3 g6 4.Bg2 Bg7 5.O-O O-O 6.c4 d6 7.Nc3 Nc6 8.d5 Ne5
9.Nxe5 dxe5 10.Qb3 h6 11.Rd1 g5 12.c5 Kh8 13.Nb5 a6 14.Qa3 Bd7 15.Nc3 Qe8
16.d6 exd6 17.cxd6 c6 18.Be3 b5 19.b4 Qh5 20.f3 f4 21.Bf2 Rae8 22.Rac1 e4
23.gxf4 gxf4 24.Nxe4 Rxe4 25.fxe4 Ng4 26.h3 Nxf2 27.Kxf2 Qh4+ 28.Kg1 Rg8
29.Qf3 Bf6 30.e3 Bxh3 31.Rd2 Be5 32.Kf1 Rg3 33.Qxg3 Qxg3 34.d7 Bxg2+ 35.Rxg2 Qf3+
36.Rf2 Qh3+ 37.Ke2 Qxd7 38.exf4 Qg4+ 39.Rf3 Bxf4 40.Rf1 Bg5 41.Kd3 Qd7+ 42.Kc3 Qg7+
43.Kd3 Qb2 44.R1f2 Qa3+ 45.Kd4 Qxb4+ 46.Ke5 Qe7+ 47.Kf5 Kg7 48.e5 Qf7+ 49.Ke4 Qc4+
50.Kf5 Kf7 51.a3 a5  0-1

[Event "JUG-chT"]
[Site "Cetinje"]
[Date "1992.??.??"]
[Round "?"]
[White "Ilincic, Zlatko"]
[Black "Kontic, Djordje"]
[Result "1-0"]
[WhiteElo "2445"]
[BlackElo "2375"]

1.d4 f5 2.Nf3 Nf6 3.g3 g6 4.Bg2 Bg7 5.O-O O-O 6.c4 d6 7.Nc3 Nc6 8.d5 Ne5
9.Nxe5 dxe5 10.Qb3 h6 11.Rd1 g5 12.c5 Kh8 13.Bd2 a6 14.Na4 Qe8 15.Ba5 Bd7
16.Nc3 Rc8 17.Qxb7 Rb8 18.Qxc7 Rc8 19.Qb6 Rb8 20.Qxa6 Ra8 21.Qc4 Rxa5 22.c6 Bc8
23.a4 Ba6 24.Qb4 Qd8 25.Qa3 Bc8 26.b4 Ra8 27.a5 e4 28.b5 Ng4 29.b6 Ba6 30.Rab1 Be5
31.b7 Bxb7 32.cxb7 Rxa5 33.Qb3 Qb8 34.e3 Qa7 35.d6 Bxd6 36.Rxd6 exd6 37.b8=Q Rxb8
38.Qxb8+ Qxb8 39.Rxb8+ Kg7 40.Ne2 Ra1+ 41.Bf1 Ne5 42.Nd4 Nf3+ 43.Nxf3 exf3
44.h3 h5 45.g4 fxg4 46.hxg4 h4 47.Rb5 Kg6 48.Rf5 h3 49.Rxf3 h2+ 50.Kxh2 Rxf1
51.Rf5 d5 52.Kg3 Rd1 53.Kg2 d4 54.Rd5 d3 55.Kf3 Kf6 56.Ke4 d2 57.Kf3 Ke6
58.Rd4 Ke5 59.Ke2  1-0

[Event "CSR-chT"]
[Site "CSR"]
[Date "1992.??.??"]
[Round "?"]
[White "Orsag, Milan"]
[Black "Vrana, Frantisek"]
[Result "1/2-1/2"]
[WhiteElo "2415"]
[BlackElo "2275"]

1.d4 f5 2.g3 Nf6 3.Bg2 g6 4.Nf3 Bg7 5.O-O O-O 6.c4 d6 7.Nc3 Qe8 8.d5 c6 9.Rb1 Na6
10.b4 Bd7 11.dxc6 bxc6 12.b5 cxb5 13.cxb5 Nc5 14.Nd4 Nfe4 15.Nxe4 Nxe4 16.Bb2 e5
17.Nc2 Bxb5 18.Qd5+ Rf7 19.f3 Ng5 20.f4 Ne4 21.Bxe4 fxe4 22.fxe5 Bc6 23.Qxf7+ Qxf7
24.Rxf7 Kxf7 25.e6+ Kg8 26.Bxg7 Kxg7 27.Nd4 Bd5 28.a3 Kf6 29.Rb5 Bxe6 30.Rb7 h6
31.Kf2 Bd5 32.Rd7 Ke5 33.e3 Bc4 34.Rg7 Rf8+ 35.Ke1 Rf1+ 36.Kd2 Bf7 37.Rh7 a6
38.Rxh6 Rf2+ 39.Kc3 Ra2 40.Nc2 Be8 41.Kb3 Bf7+  1/2-1/2

[Event "CSR-chT"]
[Site "CSR"]
[Date "1992.??.??"]
[Round "?"]
[White "Priehoda, Vitezslav"]
[Black "Vrana, Frantisek"]
[Result "0-1"]
[WhiteElo "2390"]
[BlackElo "2275"]

1.d4 f5 2.g3 Nf6 3.Bg2 g6 4.Nf3 Bg7 5.O-O O-O 6.c4 d6 7.Nc3 Qe8 8.d5 c6 9.Nd4 Bd7
10.Qb3 Na6 11.Qxb7 Nc5 12.Qc7 cxd5 13.cxd5 a5 14.Ne6 Bxe6 15.dxe6 Nxe6 16.Qc4 Qc8
17.Qa4 Ra6 18.Be3 Kh8 19.Rac1 Ng4 20.Bd2 Nc5 21.Qc2 Qb8 22.b3 e6 23.h3 Ne5
24.Be3 Ned7 25.Rfd1 Qb4 26.Na4 Nxa4 27.bxa4 d5 28.Rb1 Qd6 29.Rb7 Rc6 30.Qb1 Nc5
31.Bxc5 Rxc5 32.e4 fxe4 33.Qxe4 Qc6 34.Qb1 Rc2 35.Rb6 Qc5 36.Kh2 Qxf2 37.Rg1 Be5  0-1

[Event "CSR-chT"]
[Site "CSR"]
[Date "1992.??.??"]
[Round "?"]
[White "Michenka, Jozef"]
[Black "Lanc, Alois"]
[Result "0-1"]
[WhiteElo "2395"]
[BlackElo "2470"]

1.d4 g6 2.c4 f5 3.g3 Bg7 4.Bg2 Nf6 5.Nf3 O-O 6.O-O d6 7.Nc3 Nc6 8.d5 Ne5
9.Nxe5 dxe5 10.b3 e4 11.Ba3 Re8 12.Nb5 Bd7 13.Nd4 c6 14.dxc6 bxc6 15.Qd2 Qc7
16.Rad1 h5 17.Nc2 a5 18.Bb2 Be6 19.a4 Bf7 20.Bc3 h4 21.Qg5 hxg3 22.hxg3 Reb8
23.Na1 Ng4 24.Bxg7 Kxg7 25.Bxe4 Rh8 26.Bf3 Rh5 27.Qd2 Rah8 28.Qd4+ e5 29.Qd7 Qb8
30.Qe7 e4 31.Rd7 Qg8 32.Bg2 g5 33.Bh3 R8h6 34.Rd8 Qxd8 35.Qxd8 Rxh3 36.Qxg5+ Kf8
37.Qxh6+ Rxh6 38.Rd1 Ke7 39.Nc2 Rd6 40.Rxd6 Kxd6 41.Nd4 Bg6 42.f3 Ne5 43.Kf2 Kc5
44.Ke3 exf3 45.exf3 Bh7 46.f4 Ng4+ 47.Kd3 Nf2+ 48.Ke3 Ne4 49.Ne6+ Kd6 50.Nd8 Nc5
51.b4 axb4 52.a5 Bg8 53.Nb7+ Nxb7 54.a6 Na5  0-1

[Event "EU-chT (Men)"]
[Site "Debrecen"]
[Date "1992.??.??"]
[Round "1"]
[White "Pinter, Jozsef"]
[Black "Norri, Joose"]
[Result "1/2-1/2"]
[WhiteElo "2580"]
[BlackElo "2395"]

1.d4 f5 2.g3 Nf6 3.Bg2 g6 4.Nf3 Bg7 5.O-O O-O 6.c4 d6 7.Nc3 Qe8 8.Nd5 Nxd5
9.cxd5 Qb5 10.Ng5 Na6 11.h4 c5 12.dxc5 Nxc5 13.Rb1 Bd7 14.Be3 Qc4 15.b3 Qb4
16.Rc1 Rac8 17.Rc4 Qa3 18.Qd2 b5 19.Rc2 Na6 20.Rxc8 Rxc8 21.Bxa7 Nb4 22.Bd4 h6
23.Bxg7 Kxg7 24.Qd4+ Kg8 25.Nh3 Nc2 26.Qd3 Qxa2 27.Nf4 Kg7 28.g4 Qb2 29.gxf5 Bxf5
30.e4 Qe5 31.Ne2 Bd7 32.Qd2 Bg4 33.f3 Bd7 34.Rc1 Nd4 35.Rxc8 Nxe2+ 36.Qxe2 Bxc8
37.Qxb5 Qd4+ 38.Kh1 Qf2 39.Qb4 Qxh4+ 40.Kg1 Bh3 41.Qd4+ Kf7 42.Qf2 Qxf2+
43.Kxf2 Bxg2 44.Kxg2 Ke8 45.f4 Kd7 46.Kg3 Kc7 47.Kg4 Kb6 48.f5 gxf5+ 49.Kxf5 Kc5
50.Ke6 h5 51.Kxe7 h4 52.e5 h3 53.exd6 h2 54.d7 h1=Q 55.b4+ Kxb4 56.d8=Q Qh4+
57.Kd7 Qxd8+ 58.Kxd8 Kc5  1/2-1/2

[Event "EU-chT (Men)"]
[Site "Debrecen"]
[Date "1992.??.??"]
[Round "2"]
[White "Santos, Jose P"]
[Black "Lutz, Christopher"]
[Result "1/2-1/2"]
[WhiteElo "2380"]
[BlackElo "2540"]

1.d4 f5 2.Nf3 Nf6 3.g3 g6 4.Bg2 Bg7 5.O-O O-O 6.c4 d6 7.Nc3 Qe8 8.d5 Na6
9.Nd4 Bd7 10.e4 fxe4 11.Nxe4 Nxe4 12.Bxe4 c6 13.Rb1 Nc7 14.Be3 c5 15.Ne2 b5
16.b3 Qf7 17.Qd2 Ne8 18.Nc3 Nf6 19.Bg2 bxc4 20.bxc4 Rfb8 21.h3 Bf5 22.Rxb8+ Rxb8
23.g4 Bc8 24.Rb1 Rxb1+ 25.Nxb1 h5 26.g5 Nd7 27.Qa5 Nb6 28.Nd2 e6 29.dxe6 Bxe6
30.Bf1 Qb7 31.Kh2 Kh7 32.Qa3 Qf7 33.Kg1 Nxc4 34.Nxc4 Bxc4 35.Bxc4 Qxc4 36.Qxa7 Qe2
37.a4 c4 38.a5 c3 39.a6 c2 40.Qb7 Qxe3 41.fxe3 c1=Q+ 42.Kf2 Qd2+ 43.Kf1 Qd3+
44.Kf2 Qf5+ 45.Ke2 Qc2+ 46.Kf1 Qd3+  1/2-1/2

[Event "Dortmund op-A"]
[Site "Dortmund"]
[Date "1992.??.??"]
[Round "3"]
[White "Doering, Thomas"]
[Black "Kindermann, Stefan"]
[Result "0-1"]
[WhiteElo "2325"]
[BlackElo "2505"]

1.d4 f5 2.Nf3 Nf6 3.g3 g6 4.Bg2 Bg7 5.c4 O-O 6.O-O d6 7.d5 Na6 8.Nc3 Qe8
9.Nd4 Bd7 10.e4 fxe4 11.Nxe4 Nxe4 12.Bxe4 c6 13.Rb1 Nc7 14.Be3 c5 15.Ne2 b5
16.b3 Rb8 17.Qd2 Qc8 18.Bh6 Ne8 19.Bxg7 Kxg7 20.Nf4 Nf6 21.Bg2 Re8 22.cxb5 Rxb5
23.Rfe1 Kf7 24.h4 Bf5 25.Rbc1 Rb4 26.Rc4 Rxc4 27.bxc4 Qb8 28.Bh3 Qc8 29.Bxf5 Qxf5
30.Ne6 Rb8 31.Qh6 Qxf2+ 32.Kxf2 Ng4+ 33.Kf3 Nxh6 34.Ng5+ Ke8 35.Nxh7 Nf5
36.Kf4 Nd4 37.g4 Rb4 38.h5 gxh5 39.gxh5 Rxc4 40.Nf6+ Kf7 41.Ne4 Kg7 42.Nd2 Rc2
43.Nb3 Nxb3 44.axb3 Kf6 45.Rh1 Rf2+ 46.Kg3 Rb2 47.h6 Rxb3+ 48.Kg4 Rb8 49.Kh5 c4
50.Rf1+ Ke5 51.h7 Kxd5 52.Rg1 Rh8 53.Kh6 c3 54.Rg8 c2 55.Rxh8 c1=Q+ 56.Kg6 Qg1+
57.Kf7 Qf2+ 58.Kxe7 Qd4  0-1